|
|
|
|
| LEADER |
00000nam0a2200000 4500 |
| 001 |
150502 |
| 005 |
20231101221504.0 |
| 010 |
|
|
|a 9785988031314
|
| 035 |
|
|
|a (RuTPU)RU\TPU\book\163176
|
| 090 |
|
|
|a 150502
|
| 100 |
|
|
|a 20090112d2008 k y0rusy50 ca
|
| 101 |
0 |
|
|a rus
|
| 102 |
|
|
|a RU
|
| 105 |
|
|
|a a z 001zy
|
| 200 |
1 |
|
|a Цифровые сигналы и фильтры: теория и практика применения
|e [монография]
|f А. Н. Денисенко
|
| 210 |
|
|
|a Москва
|c Медпрактика-М
|d 2008
|
| 215 |
|
|
|a 188 с.
|c ил.
|
| 225 |
1 |
|
|a Компьютерные технологии и радиотехника
|
| 320 |
|
|
|a Список литературы: с. 186-187.
|
| 330 |
|
|
|a Дается обобщение методов анализа дискретных (цифровых) сигналов, методов анализа и синтеза цифровых фильтров. Известные методы дополнены оригинальными. Рассматриваются практические аспекты применения цифровых фильтров. Монография рассчитана на инженеров и исследователей в области радиотехники, может быть полезна преподавателям и студентам старших курсов радиотехнических специальностей. Методическая обработка материала базируется на многолетнем опыте чтения соответствующей учебной дисциплины в вузе.
|
| 606 |
1 |
|
|a Цифровые сигналы
|2 stltpush
|3 (RuTPU)RU\TPU\subj\67380
|9 83205
|
| 606 |
1 |
|
|a Цифровые фильтры
|2 stltpush
|3 (RuTPU)RU\TPU\subj\67382
|9 83207
|
| 610 |
1 |
|
|a сплайновая интерполяция
|
| 610 |
1 |
|
|a цифровые фильтры
|
| 610 |
1 |
|
|a дискретные сигналы
|
| 610 |
1 |
|
|a интерполяция
|
| 610 |
1 |
|
|a сплайновые аппроксимации
|
| 610 |
1 |
|
|a цифровые фильтры
|
| 610 |
1 |
|
|a синтез
|
| 610 |
1 |
|
|a эвристические методы
|
| 610 |
1 |
|
|a оптимальная цифровая фильтрация
|
| 610 |
1 |
|
|a линейные дифференциальные уравнения
|
| 610 |
1 |
|
|a численные методы
|
| 610 |
1 |
|
|a радиотехника
|
| 675 |
|
|
|a 621.372
|v 3
|
| 675 |
|
|
|a 621.372.54
|v 3
|
| 700 |
|
1 |
|a Денисенко
|b А. Н.
|g Александр Николаевич
|
| 801 |
|
1 |
|a RU
|b 63413507
|c 20090112
|g PSBO
|
| 801 |
|
2 |
|a RU
|b 63413507
|c 20130405
|g PSBO
|
| 900 |
|
|
|a Цифровая обработка сигналов
|
| 900 |
|
|
|a Цифровая обработка сигналов и изображений
|
| 900 |
|
|
|a Обнаружение и фильтрация сигналов в неразрушающем контроле
|
| 942 |
|
|
|c BK
|